Filosofía de la ciencia

Tallennettuna:
Bibliografiset tiedot
Päätekijä: Echeverría, Javier (Tekijä)
Aineistotyyppi: Kirja
Kieli:espanja
Julkaistu: Madrid Akal 1998
Painos:2a. ed
Sarja:Tractatus Philosophiae, VII
Aiheet:
Tagit: Lisää tagi
Ei tageja, Lisää ensimmäinen tagi!

MARC

LEADER 00000nam a2200000 a 4500
001 UCH4396
003 CL-VaPUC
008 090818e19980000SP |||||||||||||||||spa|d
020 |a 8446005514 
082 0 4 |a 501  |b ECH  |2 21 
100 0 |a Echeverría, Javier  |e author  |9 539912 
245 1 0 |a Filosofía de la ciencia 
250 |a 2a. ed 
300 |a 215 p 
942 |c BK 
945 |d 20090818 00:00:00  |a ccalabra 
260 |a Madrid  |b Akal  |c 1998 
650 0 |a Historia de las ciencias   |9 264975 
650 0 |a Teorías científicas  |9 316549 
583 |a last modification  |c 20160914 10:32:56  |k Rodrigo Vera 
490 0 |a Tractatus Philosophiae, VII 
999 |c 335720  |d 335718